000 00545nam a2200193Ia 4500
003 LDD
008 181029s9999 xx 000 0 und d
020 _a9788175332355
_c995.00
040 _cLDD
100 _aSaheed, Suhial
245 0 _aIslam empire of faith
_cSuhial Saheed
260 _aNew Delhi
_bMD Publications
_c2010
300 _a288p.
365 _b995.00
901 _a5949
_b14-08-2010
902 _aADB/107/D/2010
_b31-08-2010
_cF
_dARUNIM
_eSW
903 _aDiscount-15
_bReqst by : Gracious Thomas
942 _2ddc
_cBK
999 _c90595
_d90595